Política y educación cívica en Costa Rica (Registro nro. 157)
[ vista simple ]
| 000 -Cabecera | |
|---|---|
| Campo de control de longitud fija | 00526aam a2200205 4500 |
| 005 - Fecha y hora de la última transacción | |
| Campo de control | 20231010135703.0 |
| 008 - Elementos de longitud fija--Información general | |
| Campo de control de longitud fija | 150721b1991 xxu||||| |||| 00| 0 spa d |
| 020 ## - International Standard Book Number | |
| Número Internacional Estándar del Libro (ISBN) | 997797815X |
| 041 ## - Idioma | |
| Código de idioma | Español |
| 082 ## - Clasificación Decimal Dewey | |
| Número de clasificación | 320.4 V297p |
| 100 ## - Entrada principal--Autor personal | |
| Nombre personal | Vargas Coto, José Francisco |
| 9 (RLIN) | 40787 |
| 245 ## - Título propiamente dicho | |
| Título | Política y educación cívica en Costa Rica |
| 260 ## - Pie de imprenta | |
| Lugar de publicación, distribución, etc. | Costa Rica |
| 260 ## - Pie de imprenta | |
| Nombre del editor, distribuidor, etc. | Ediciones Guayacan |
| 260 ## - Pie de imprenta | |
| Fecha de publicación, distribución, etc. | 1991 |
| 300 ## - Descripción física | |
| Extensión | 250 páginas |
| 650 ## - Materia general | |
| Temática (materia general) | EDUCACIÓN CÍVICA |
| 650 ## - Materia general | |
| Temática (materia general) | COSTA RICA |
| 942 ## - Punto de acceso adicional KOHA | |
| Tipo de ítem KOHA | Libro |
| Fuente del sistema de clasificación o colocación | Dewey Decimal Classification |
| Signatura completa | Código de barras | Tipo de ítem |
|---|---|---|
| 320.4 V297p | 2357 | Libro |